书目信息 |
| 题名: |
世界最值得去的500个地方
|
|
| 作者: | 肖瑶 编著 | |
| 分册: | ||
| 出版信息: | 北京 西苑出版社 2010.09 |
|
| 页数: | 211页 | |
| 开本: | 23cm | |
| 丛书名: | ||
| 单 册: | ||
| 中图分类: | K919 | |
| 科图分类: | ||
| 主题词: | 旅游指南--Lu^ You Zhi Na--世界 | |
| 电子资源: | ||
| ISBN: | 978-7-80210-764-9 | |
| 000 | 00773nam0 2200217 450 | |
| 001 | CAL 012010231483 | |
| 005 | 20111230175044.35 | |
| 010 | @a978-7-80210-764-9@dCNY26.80 | |
| 100 | @a20110927d2010 em y0chiy50 ea | |
| 101 | 0 | @achi |
| 102 | @aCN@b110000 | |
| 105 | @aa z 000yy | |
| 200 | 1 | @a世界最值得去的500个地方@AShi Jie Zui Zhi De Qu De 5 0 0 Ge De Fang@f肖瑶编著 |
| 210 | @a北京@c西苑出版社@d2010.09 | |
| 215 | @a211页@c图@d23cm | |
| 330 | @a本书全面系统地介绍了世界五大洲、40个国家、120多个城市的著名景区、景点, 并精选了百余幅精美图片, 将世界各地多姿多彩的秀丽风光一一呈现。 | |
| 606 | 0 | @a旅游指南@ALu^ You Zhi Na@y世界 |
| 690 | @aK919@v5 | |
| 701 | 0 | @a肖瑶@AXiao Yao@4编著 |
| 801 | 0 | @aCN@bHNDDDT@c20111230 |
| 905 | @a郑州市财税学校图书馆@dK919@eX296@f3 | |
| 世界最值得去的500个地方/肖瑶编著.-北京:西苑出版社,2010.09 |
| 211页:图;23cm |
| ISBN 978-7-80210-764-9:CNY26.80 |
| 本书全面系统地介绍了世界五大洲、40个国家、120多个城市的著名景区、景点, 并精选了百余幅精美图片, 将世界各地多姿多彩的秀丽风光一一呈现。 |
| ● |
| 相关链接 |
|
|
|
正题名:世界最值得去的500个地方
索取号:K919/X296
 
预约/预借
| 序号 | 登录号 | 条形码 | 馆藏地/架位号 | 状态 | 备注 |
| 1 | 1192355 | 211923551 | 社科库309/309社科库 13排2列1层/ [索取号:K919/X296] | 在馆 | |
| 2 | 1192356 | 211923560 | 社科库309/309社科库 13排2列1层/ [索取号:K919/X296] | 在馆 | |
| 3 | 1192357 | 211923579 | 社科库309/309社科库 13排2列1层/ [索取号:K919/X296] | 在馆 |